000
00286nam a22001337a 4500
008
170512b xxu||||| |||| 00| 0 eng d
020
_a
tindame2209
041
_a
eng
080
_2
8TH
_a
94(7/8)
100
_a
15
101
_a
SHH
245
_a
AMERICA
_c
TINDALL, G.B
942
_2
udc
_c
BK
999
_c
13326
_d
13326